Ingredient list on a Dr.Pepper - Statistics

General Stats
  • This quiz has been taken 12 times
  • The average score is 2 of 9
Answer Stats
Answer % Correct
Sugars (sugar/glucose-fructose)
91%
Carbonated water
27%
Caramel color
18%
Phosphoric acid
18%
Sodium benzoate
9%
Artificial flavor
0%
Caffiene
0%
Natural flavor
0%
PEG
0%
No matching quizzes found
Score Distribution
Percent of People with Each Score
Percentile by Number Answered
Your Score History
You have not taken this quiz